00419nam a22001097a 4500008004100000020001500041082001700056100002400073245012300097260008000220300000900300230629b xxu||||| |||| 00| 0 eng d a8890007729 a346.013bPET cDr. Oskar Peterlini aAutonomy and the Protection of Ethnic Minorities in trntino- South TyrolbAn overview of the History, law and politics aItalybThe presidum of the Regional Parliament Trentino -south Tyrol c1977 a309p